| 000 | 00353nam a2200145Ia 4500 | ||
|---|---|---|---|
| 008 | 210719s1965 xx 000 0 und d | ||
| 041 | _aeng | ||
| 082 | _a324.273 THOM | ||
| 245 | _aThomas Jefferson and his world. | ||
| 260 |
_aNY _bPerennial Library _c1965 |
||
| 300 |
_a128 _bPB |
||
| 365 | _cRs | ||
| 650 | _aBiography | ||
| 906 | _aThomas Jefferson | ||
| 999 |
_c213090 _d213090 |
||